Carta de lord Chandos y otros textos en prosa
Gespeichert in:
| 1. Verfasser: | |
|---|---|
| Format: | Buch |
| Sprache: | Spanisch |
| Veröffentlicht: |
Barcelona
Alba
2001
|
| Schlagworte: | |
| Tags: |
Tag hinzufügen
Keine Tags, Fügen Sie den ersten Tag hinzu!
|
MARC
| LEADER | 00000nam a2200000 a 4500 | ||
|---|---|---|---|
| 001 | UCL3517 | ||
| 003 | CL-VaPUC | ||
| 008 | 031128e20010000SP |||||||||||||||||spa|d | ||
| 020 | |a 8484280942 | ||
| 082 | 0 | 4 | |a 833 |b HOF |2 21 |
| 100 | |a Hofmannsthal, Hugo von |e author |9 480824 | ||
| 245 | 1 | 0 | |a Carta de lord Chandos y otros textos en prosa |
| 300 | |a 164 p | ||
| 942 | |c BK | ||
| 945 | |d 20031128 00:00:00 |a cmena | ||
| 260 | |a Barcelona |b Alba |c 2001 | ||
| 650 | 0 | |a Literatura alemana |9 265457 | |
| 650 | 7 | |a PROSAS ALEMANAS |2 CL-VaPUC |9 480825 | |
| 583 | |a last modification |c 20031128 00:00:00 |k Rodrigo Vera | ||
| 999 | |c 306548 |d 306546 | ||
| 952 | |0 0 |1 0 |4 0 |6 833_000000000000000_HOF_2001 |7 0 |8 A |9 371605 |a BIBART |b BIBART |d 2019-11-21 |i 3966798 |o 833 HOF 2001 |p 3966798 |r 2025-03-13 |w 2019-11-21 |y BK |k ART | ||